00436nam a2200181Ia 4500008004100000020001400041050001400055100001900069245005000088245002200138260001500160260001600175260000900191300001600200300002000216300001000236500000800246170918s9999 xx 000 0 und d a590684841 bL345 2002 aLasky, Kathryn aElizabeth I, red rose of the house of Tudor / cby Kathryn Lasky. aNew York : bScholastic, c2002 a237 pages : billustrations ; c19cm. a820